|
|
|
|
| LEADER |
00698nam a22002172a 4500 |
| 001 |
000344301 |
| 003 |
CZ BrMZK |
| 005 |
20161114100550.0 |
| 007 |
ta |
| 008 |
980105s1987 xr f cze d |
| 040 |
|
|
|a BOA001
|b cze
|c BOA001
|
| 080 |
9 |
|
|a 621.397.621.397
|
| 100 |
1 |
|
|a Mikeš, František,
|d 1927-2003
|7 hka2012680242
|4 aut
|
| 245 |
1 |
0 |
|a Video /
|c František Mikeš
|
| 260 |
|
|
|a [Praha :
|b Orbis],
|c 1987
|
| 300 |
|
|
|a 15 s.
|
| 772 |
0 |
8 |
|i Samostatná příloha seriálu:
|t Amaterský film a video,
|g 1987, číslo 8-9
|
| 910 |
|
|
|a BOA001
|b X-0927.523
|
| 990 |
|
|
|a BK
|
| 991 |
|
|
|b 200703
|
| 996 |
6 |
|
|b 2610307630
|c X-0927.523
|l MZK
|r Sklad / do 24 hodin
|n 3
|p dar xerox
|w 000344301
|u 000020
|a 1
|e BOA001
|j MZK50
|s P
|